00946nam a2200229 a 450000500170000000800410001704000250005804100080008304400070009109000130009810000400011124500530015126000750020430000110027965000160029065000160030666200130032294200160033599900150035195201750036695201750054120180803165004.0140305b1981 ck |||||rm||| 00| 0 eng d aCO-BoIAVHcCO-BoIAVH aspa ack aTEb0029 aBohorquez Bohorquez, Camilo Antonio aEspecies del género Eurytides (Hübner, 1821) aBogotábUniversidad Nacional de Colombia. Faculdad de Cienciasc1981 a2 vol. aLepidoptera aInventarios aColombia cTESIS2z02 c2320d2320 00102z40708TESISIINV2017aBogotabBogotad2001-06-08eSchmidt, Nubia del1oTE-0029p002879r2017-07-11 00:00:00s2017-07-11tV. 1 Ej. 1w2012-12-04xDonacionyTESIS 00102z40708TESISIINV2017aBogotabBogotad2001-06-08eSchmidt, Nubia del1oTE-0029p002880r2017-07-11 00:00:00s2017-07-11tV. 2 Ej. 1w2012-12-04xDonacionyTESIS